Normal view
MARC view
Entry Personal Name
001 - CONTROL NUMBER
- control field: 3612
003 - CONTROL NUMBER IDENTIFIER
- control field: OSt
005 - DATE AND TIME OF LATEST TRANSACTION
- control field: 20150409130948.0
008 - FIXED-LENGTH DATA ELEMENTS
- fixed length control field: 150409|| aca||aabn | a|a d
040 ## - CATALOGING SOURCE
- Original cataloging agency: OSt
- Transcribing agency: OSt
100 ## - HEADING--PERSONAL NAME
- Personal name: Creswell, John W.
670 ## - SOURCE DATA FOUND
- Source citation: Work cat.: (OSt): Creswell, John W., Desiging and conducting mixed methods research, 2011
